| 000 | 01651cam a2200421 a 4500 | ||
|---|---|---|---|
| 001 | 14825370 | ||
| 003 | EG-ScBUE | ||
| 005 | 20211212143717.0 | ||
| 008 | 070427t2007 enk f 000 f eng d | ||
| 020 | _a0143113216 | ||
| 020 | _a9780143113218 | ||
| 035 | _a(OCoLC)ocn137331339 | ||
| 035 | _a(OCoLC)137331339 | ||
| 040 |
_aDLC _beng _erda _cDLC _dYDX _dBTCTA _dBAKER _dYDXCP _dJAO _dDLC _dEG-ScBUE |
||
| 041 | 1 |
_aeng _hara |
|
| 043 | _aa-su--- | ||
| 082 | 0 | 4 |
_a892.736 _bMOH _222 |
| 100 | 1 |
_aMuhaymid, Yusuf, _eauthor. _925461 |
|
| 240 | 1 | 0 |
_aFikhakh al-raʼihah. _lEnglish |
| 245 | 1 | 0 |
_aWolves of the crescent moon : _ba novel / _cYousef Al-Mohaimeed ; translated from the Arabic by Anthony Calderbank. |
| 264 | 1 |
_aLondon : _bPenguin Group, _c[2007] |
|
| 264 | 4 | _cc2007 | |
| 300 |
_a180 pages ; _c20 cm |
||
| 336 |
_2rdacontent _atext _btxt |
||
| 337 |
_2rdamedia _aunmediated _bn |
||
| 338 |
_2rdacarrier _avolume _bnc |
||
| 546 | _aText in Arabic ; translated from the Arabic language. | ||
| 650 | _2BUEsh | ||
| 651 | 7 |
_aSaudi Arabia _vFiction. _925462 _2BUEsh |
|
| 653 |
_cJune2011 _bHHUUEENN |
||
| 655 |
_vReading book _934232 |
||
| 700 | 1 |
_aCalderbank, Anthony. _etranslator. _925463 |
|
| 856 | 4 | 1 |
_3Table of contents only _uhttp://www.loc.gov/catdir/toc/ecip0717/2007018030.html |
| 856 | 4 | 2 |
_3Contributor biographical information _uhttp://www.loc.gov/catdir/enhancements/fy0810/2007018030-b.html |
| 856 | 4 | 2 |
_3Publisher description _uhttp://www.loc.gov/catdir/enhancements/fy0810/2007018030-d.html |
| 942 |
_2ddc _cBB |
||
| 999 |
_c15620 _d15620 |
||